000 00286nam a22001337a 4500
008 170511b xxu||||| |||| 00| 0 eng d
020 _a2901587781871
041 _aeng
080 _22ND
_a34
100 _a15
101 _aSHJ
245 _aLAW SCHOOL
_cSHAPO HELENE
942 _2udc
_cBK
999 _c13215
_d13215